| 000 | 00389nam a2200145Ia 4500 | ||
|---|---|---|---|
| 008 | 230312s9999||||xx |||||||||||||| ||und|| | ||
| 020 | _a0-5241-3440-3 | ||
| 082 |
_a720-19 _bCAM-T |
||
| 100 | _aCamille;Michael | ||
| 245 | 0 | _aGothic idol:ideiligy and image making in medieval art | |
| 260 |
_bCambridge university _afrance _c1989 |
||
| 300 | _a407 | ||
| 650 | _aArchitecture | ||
| 942 | _cBK | ||
| 999 |
_c11601 _d11601 |
||